000 00317nam a2200145Ia 4500
100 _aKumbhojkar / G.V
650 _aMathematics
942 _cBK
366 _f10
245 _aApplied Mathematics III (Production)
260 _bC.Jamnadas and Co.
_aPune
_c2008
082 _bKUM
546 _aENGLISH
999 _c19710
_d19710